Statistics for Iron Man movies quiz

Click here to take the quiz!

General Stats

  • This quiz has been taken 476 times
  • The average score is 27 of 113

Answer Stats

HintAnswer% Correct
Actor's initials who plays aboveRDJ
88%
What above stands forRobert Downey Jr
82%
Assistant of Iron ManPepper Potts
73%
The A.IJ.A.R.V.I.S
61%
Iron ManFull Name of Iron ManAnthony Stark
58%
Director who appears in the post-credit sceneNick Fury
51%
Alter Ego of above | Alter-ego of aboveBlack Widow
50%
Prince of AsgardThor
46%
Colour of above's suitGrey
45%
Friend of Iron Man'sJames Rhodes
45%
Master archer working for S.H.I.E.L.DHawkeye
44%
Gamma radiation exposed scientist to make this green monsterHulk
44%
Villain in the filmLoki
44%
Actor of aboveChris Hemsworth
43%
Alter ego of aboveBruce Banner
42%
AvengersThe World War 2 veteranCaptain America
41%
Actor who plays aboveChris Evans
41%
Hero J.A.R.V.I.S later becomesVision
40%
Iron Man 2New actor who play's Iron Man's friendDon Cheadle
39%
Actor who plays aboveGwyneth Paltrow
39%
Alter-ego of aboveSteve Rogers
39%
Superhero alter ego of aboveBlack Panther
38%
Spy of S.H.I.E.L.D who appeared in Iron Man 2 | Undercover spy of S.H.I.E.L.DNatasha Romanoff
38%
Avengers: Age of UltronSuperspeed humanQuicksilver
38%
Actor who plays aboveMark Ruffalo
37%
Alter ego of aboveSpiderman
37%
Actor who plays aboveTom Hiddleston
37%
Alter ego of aboveClint Barton
36%
Villain in the filmUltron
36%
Actor who plays aboveJeremy Renner
35%
Teenager bitten by a radioactive spiderPeter Parker
35%
Twin sister of the superspeed humanScarlet Witch
34%
Actor who plays aboveTom Holland
34%
Alter ego of aboveBucky Barnes
33%
Character name of aboveHappy Hogan
32%
Voiced byPaul Bettany
32%
Villain seen in post-credit sceneThanos
32%
Villain this character later becomesIron Monger
31%
Former lover of the WW2 veteranPeggy Carter
31%
Director of S.H.I.E.L.D's actorSamuel L. Jackson
31%
Alter ego of aboveWanda Maximoff
31%
Captain America: Civil WarOld friend of the WW2 veteranWinter Soldier
31%
Agent of S.H.I.E.L.DPhil Coulson
30%
Prince of WakandaT'Challa
30%
Actor of aboveElizabeth Olsen
29%
Second in command of Stark IndustriesObadiah Stane
29%
Terrorist persona who Iron Man believes is the villainMandarin
28%
Original suit used by Iron ManMark 1
27%
Actor of aboveChadwick Boseman
26%
Agent who sacrifices himselfCoulson
26%
High ranking agentMaria Hill
26%
Alter ego of aboveWhiplash
26%
Alter ego of aboveFalcon
25%
Asgardian Sentry who appears in a visionHeimdall
25%
Alter ego of abovePietro Maximoff
25%
Actor who plays aboveSebastian Stan
25%
Original superhero name of aboveAnt-Man
24%
Rival weapons manufacturerJustin Hammer
24%
Actor who plays aboveJeff Bridges
21%
Iron Man 3Creator of the Extremis VirusAldrich Killian
18%
Actor Played by aboveAnthony Mackie
18%
Russian bent on revenge on the Stark familyIvan Vanko
18%
Actor of abovePaul Rudd
17%
Former pararescueman turned heroSam Wilson
17%
Former petty criminalScott Lang
17%
Stark's fellow captiveYinsen
17%
Director of the films who appears in the film as director of security of Stark IndustriesJon Favreau
16%
Organisation founded by aboveA.I.M
15%
Actor of aboveIdris Elba
15%
Actor of aboveAaron Taylor-Johnson
13%
Played byClark Gregg
13%
Actor of aboveCobie Smulders
13%
John Slattery appears again as who?Howard Stark
13%
Archer's secret wifeLaura Barton
13%
Actor who plays aboveBen Kingsley
11%
Alter ego of aboveCrossbones
11%
Actor of aboveHayley Atwell
11%
Actor who plays aboveMickey Rourke
11%
Former agent of S.H.I.E.L.DSharon Carter
11%
In this film he is played byTerrance Howard
11%
Alter ego of aboveTrevor Slattery
11%
Friend of the prince of AsgardErik Selvig
9%
What above is rumoured to becomeGiant-Man
8%
Ability of aboveMind Control
8%
Alter ego of aboveAgent 13
7%
Actor who plays aboveGuy Pearce
7%
WW2 veterans main villainHelmut Zemo
7%
Plays aboveSam Rockwell
7%
United States Secretary of State and former U.S. army GeneralThaddeus Ross
6%
Black market dealer whose hand gets chopped ofUlysses Klaue
6%
Former commander of S.H.I.E.L.D's S.T.R.I.K.E team who is revealed to by a Hydra agentBrock Rumlow
5%
Actor who plays aboveFrank Grillo
5%
Which two people above was created byIron Man and Hulk
5%
Scientist who assisted aboveMaya Hansen
5%
What S.H.I.E.L.D wish to discuss with Iron ManThe 'Avengers Initiative'
5%
Actor of aboveWilliam Hurt
5%
This characters relation to Iron Man is what?His father
4%
Actor of aboveStellan Skarsgard
4%
Actor who plays aboveDaniel Bruhl
3%
Actor who plays aboveMartin Freeman
3%
War veteran who becomes an assassin after being exposed to the Extremis virusBrandt
2%
Member of the Joint Counter Terrorism CenterEverett Ross
2%
Actor of aboveJames Badge Dale
2%
Country in which he is kidnappedVietnam
2%
What he was created asPeace Program
1%
Actor of aboveRebecca Hall
1%
Extremis powered henchmanSavin
1%
Actor who plays aboveScalett Johansson
1%
Job of aboveSentry of the Bifrost Bridge
1%
Actor of aboveStephanie Szostak
1%
What S.H.I.E.L.D is an abbreviation forStrategic Homeland Intervention, Enforcements and Logistics Department
1%

Score Distribution

Percentile by Number Answered

Percent of People with Each Score

Your Score History

You have not taken this quiz